000 00532nam a22001457a 4500
008 230619b xxu||||| |||| 00| 0 eng d
082 _a304.67
_bMOPND
100 _coffice of the vice president Ministry of planning and National development
110 _bCentral Bureau of Statistics
_dApril 1996
245 _aKenya Population Census 1989
_bAnalytical Report Volume 6
_cPopulation Projections
260 _aKenya
_bMinistry of planning and National development
_cApril 1996
300 _a84p
440 _vvolume 6
942 _2ddc
_cBK
999 _c1336
_d1336